[Event "BCF-ch Seniors 65"]
[Site "Coventry"]
[Date "2015.08.01"]
[Round "6"]
[White "Norman, Kenneth I"]
[Black "LeMoir, David A"]
[Result "1/2-1/2"]
[WhiteElo "2113"]
[BlackElo "2107"]
[PlyCount "22"]
[EventDate "2015.07.27"]
[EventType "swiss"]
[EventRounds "6"]
[EventCountry "ENG"]
[SourceTitle "CBM 167 Extra"]
[Source "ChessBase"]
[SourceDate "2015.09.14"]
[SourceVersion "1"]
[SourceVersionDate "2015.09.14"]
[SourceQuality "1"]

1. Nf3 Nc6 2. c4 e5 3. d3 f5 4. Nc3 Nf6 5. g3 Bb4 6. Bd2 Bxc3 7. Bxc3 d6 8. Bg2 0-0 9. 0-0 Qe8 10. Rb1 Qh5 11. e3 Bd7 1/2-1/2

[Event "BCF-chT2a 1415 (4NCL)"]
[Site "England"]
[Date "2015.02.15"]
[Round "6.99"]
[White "Brown, Thomas"]
[Black "LeMoir, David A"]
[Result "1-0"]
[WhiteElo "2048"]
[BlackElo "2115"]
[PlyCount "71"]
[EventDate "2014.11.15"]
[EventType "team-tourn"]
[EventRounds "7"]
[EventCountry "ENG"]
[SourceTitle "EXT 2016"]
[Source "ChessBase"]
[SourceDate "2015.10.08"]
[SourceVersion "1"]
[SourceVersionDate "2015.10.08"]
[SourceQuality "1"]
[WhiteTeam "Rhyfelwyr Essyllwg"]
[BlackTeam "Anglian Avengers"]
[WhiteTeamCountry "ENG"]
[BlackTeamCountry "ENG"]

1. d4 d5 2. c4 Nc6 3. Nc3 e5 4. cxd5 Nxd4 5. e3 Nf5 6. Nf3 Bd6 7. Bb5+ Bd7 8. Bxd7+ Qxd7 9. e4 Nfe7 10. 0-0 h6 11. Qb3 b6 12. a4 a6 13. Ne1 Nf6 14. Nd3 Ng6 15. a5 b5 16. Be3 0-0 17. f3 Nh7 18. Rfc1 Qe7 19. Ne2 f5 20. exf5 Nh4 21. Ng3 Nxf5 22. Nxf5 Rxf5 23. Nc5 Qf7 24. Ne4 g5 25. Rc6 Qg6 26. Qc2 Rf7 27. Bc5 Rd7 28. Bxd6 cxd6 29. Rc8+ Rxc8 30. Qxc8+ Nf8 31. h3 h5 32. Rf1 Kf7 33. Qxa6 Ke7 34. Qxb5 g4 35. hxg4 hxg4 36. Qe2 1-0

[Event "BCF-chT2a 1415 (4NCL)"]
[Site "England"]
[Date "2015.01.11"]
[Round "4.99"]
[White "Horton, Jamie A"]
[Black "LeMoir, David A"]
[Result "1/2-1/2"]
[WhiteElo "2028"]
[BlackElo "2115"]
[PlyCount "32"]
[EventDate "2014.11.15"]
[EventType "team-tourn"]
[EventRounds "7"]
[EventCountry "ENG"]
[SourceTitle "EXT 2016"]
[Source "ChessBase"]
[SourceDate "2015.10.08"]
[SourceVersion "1"]
[SourceVersionDate "2015.10.08"]
[SourceQuality "1"]
[WhiteTeam "3CS Oldham"]
[BlackTeam "Anglian Avengers"]
[WhiteTeamCountry "ENG"]
[BlackTeamCountry "ENG"]

1. e4 e5 2. Nf3 Nc6 3. Bc4 Nf6 4. d3 Be7 5. c3 0-0 6. Bb3 d5 7. Qe2 dxe4 8. dxe4 Bc5 9. Nbd2 Qe7 10. h3 a5 11. a4 Nh5 12. Nc4 Nf4 13. Bxf4 exf4 14. 0-0 Be6 15. Bc2 Bxc4 16. Qxc4 Ne5 1/2-1/2

[Event "BCF-ch Seniors"]
[Site "Aberystwyth"]
[Date "2014.07.29"]
[Round "4"]
[White "Myall, Ivan J"]
[Black "LeMoir, David A"]
[Result "1/2-1/2"]
[WhiteElo "2054"]
[BlackElo "2108"]
[PlyCount "50"]
[EventDate "2014.07.26"]
[EventType "swiss"]
[EventRounds "7"]
[EventCountry "WLS"]
[SourceTitle "EXT 2017"]
[Source "ChessBase"]
[SourceDate "2016.10.25"]
[SourceVersion "1"]
[SourceVersionDate "2016.10.25"]
[SourceQuality "1"]

1. d4 d5 2. c4 Nc6 3. Nc3 e5 4. cxd5 Nxd4 5. e3 Nf5 6. e4 Nd6 7. Nf3 f6 8. h3 Ne7 9. Be3 Ng6 10. Qc2 Be7 11. Nb5 Nxb5 12. Bxb5+ Kf7 13. 0-0 Rf8 14. Kh2 Bd6 15. g3 a6 16. Bd3 Kg8 17. Ng1 Kh8 18. Bc5 Rf7 19. Rac1 b6 20. Bxd6 cxd6 21. Qe2 Bb7 22. Rc3 f5 23. exf5 Ne7 24. Qh5 Rf6 25. Be4 Bxd5 1/2-1/2

[Event "BCF-chT3 1314 (4NCL)"]
[Site "England"]
[Date "2014.05.05"]
[Round "11.78"]
[White "Habershon, Paul F"]
[Black "LeMoir, David A"]
[Result "1/2-1/2"]
[WhiteElo "2069"]
[BlackElo "2114"]
[PlyCount "44"]
[EventDate "2013.11.16"]
[EventType "team-swiss"]
[EventRounds "11"]
[EventCountry "ENG"]
[SourceTitle "EXT 2015"]
[Source "ChessBase"]
[SourceDate "2014.11.20"]
[SourceVersion "1"]
[SourceVersionDate "2014.11.20"]
[SourceQuality "1"]
[WhiteTeam "MK Phoenix"]
[BlackTeam "Anglian Avengers II"]
[WhiteTeamCountry "ENG"]
[BlackTeamCountry "ENG"]

1. e4 e5 2. Nf3 Nc6 3. d4 exd4 4. Nxd4 g6 5. c4 Bg7 6. Be3 Qe7 7. Nc3 Nf6 8. f3 0-0 9. Qd2 Nxd4 10. Bxd4 c6 11. 0-0-0 d6 12. g4 Be6 13. h4 c5 14. Be3 Rfd8 15. h5 a6 16. Bg5 b5 17. cxb5 axb5 18. Bxb5 Bxa2 19. Bc6 Ra7 20. Bd5 Bxd5 21. Nxd5 Qe5 22. Nxf6+ Bxf6 1/2-1/2

[Event "BCF-chT3S 1314 (4NCL)"]
[Site "England"]
[Date "2014.02.15"]
[Round "5.66"]
[White "Hughes, Roy"]
[Black "LeMoir, David A"]
[Result "0-1"]
[WhiteElo "2037"]
[BlackElo "2111"]
[PlyCount "68"]
[EventDate "2013.11.16"]
[EventType "team-swiss"]
[EventRounds "6"]
[EventCountry "ENG"]
[SourceTitle "EXT 2015"]
[Source "ChessBase"]
[SourceDate "2014.11.20"]
[SourceVersion "1"]
[SourceVersionDate "2014.11.20"]
[SourceQuality "1"]
[WhiteTeam "Broadland"]
[BlackTeam "Anglian Avengers II"]
[WhiteTeamCountry "ENG"]
[BlackTeamCountry "ENG"]

1. d4 d5 2. Bf4 Nc6 3. e3 f6 4. Bd3 g6 5. c3 e5 6. Bg3 Nge7 7. Nd2 Bh6 8. Qb3 0-0 9. Ngf3 e4 10. Nxe4 Na5 11. Nxf6+ Rxf6 12. Qa3 Nac6 13. Bh4 Rf7 14. 0-0 Bf5 15. Be2 Bg4 16. Rae1 Qd7 17. b4 Nf5 18. b5 Bxf3 19. bxc6 bxc6 20. Bxf3 Nxh4 21. Be2 Raf8 22. c4 Qe6 23. Bd1 Nf5 24. Bg4 Bg7 25. c5 h5 26. Bh3 g5 27. g3 g4 28. Bg2 Qh6 29. Qxa7 h4 30. Re2 hxg3 31. hxg3 Bxd4 32. exd4 Nxd4 33. Rfe1 Nf3+ 34. Kf1 Qh2 0-1

[Event "BCF-chT3S 1314 (4NCL)"]
[Site "England"]
[Date "2013.11.17"]
[Round "2.88"]
[White "Davies, Peter L"]
[Black "LeMoir, David A"]
[Result "1/2-1/2"]
[WhiteElo "1964"]
[BlackElo "2113"]
[PlyCount "42"]
[EventDate "2013.11.16"]
[EventType "team-swiss"]
[EventRounds "6"]
[EventCountry "ENG"]
[SourceTitle "CBM 157 Extra"]
[Source "ChessBase"]
[SourceDate "2013.12.19"]
[SourceVersion "1"]
[SourceVersionDate "2013.12.19"]
[SourceQuality "1"]
[WhiteTeam "The Full Ponty"]
[BlackTeam "Anglian Avengers II"]
[WhiteTeamCountry "ENG"]
[BlackTeamCountry "ENG"]

1. e4 e5 2. Nf3 Nc6 3. Bb5 a6 4. Ba4 d6 5. d3 g6 6. c4 Bg7 7. Nc3 Nge7 8. Nd5 0-0 9. Be3 h6 10. Nd2 f5 11. f3 Kh7 12. Nb1 Nd4 13. Nbc3 Ng8 14. Ne2 c6 15. Ndc3 b5 16. Bc2 Be6 17. b3 f4 18. Bf2 Ne7 19. Nxd4 exd4 20. Ne2 c5 21. Qd2 g5 1/2-1/2

[Event "BCF-ch Senior"]
[Site "Torquay"]
[Date "2013.08.03"]
[Round "1.69"]
[White "Phillips, William"]
[Black "LeMoir, David A"]
[Result "1/2-1/2"]
[WhiteElo "1932"]
[BlackElo "2099"]
[PlyCount "57"]
[EventDate "2013.08.03"]
[EventType "swiss"]
[EventRounds "7"]
[EventCountry "ENG"]
[SourceTitle "EXT 2023"]
[Source "ChessBase"]
[SourceDate "2022.10.05"]
[SourceVersion "1"]
[SourceVersionDate "2022.10.05"]
[SourceQuality "1"]

1. e4 e5 2. Nf3 Nc6 3. Bb5 a6 4. Ba4 d6 5. c3 f5 6. exf5 Bxf5 7. 0-0 Bd3 8. Re1 Be7 9. Bc2 Bxc2 10. Qxc2 Nf6 11. d3 Qd7 12. Nbd2 0-0 13. Nf1 Nh5 14. Qe2 Nf4 15. Bxf4 Rxf4 16. Ng3 Raf8 17. Rad1 g5 18. h3 g4 19. hxg4 Qxg4 20. Nd2 Qg6 21. Rf1 Bh4 22. Nde4 d5 23. Nc5 Bxg3 24. fxg3 Qxg3 25. Ne6 Rxf1+ 26. Rxf1 Rxf1+ 27. Qxf1 Qe3+ 28. Qf2 Qc1+ 29. Qf1 1/2-1/2

[Event "BCF-chT3 1213 (4NCL)"]
[Site "England"]
[Date "2013.05.06"]
[Round "11.85"]
[White "Wall, Gavin"]
[Black "LeMoir, David A"]
[Result "1/2-1/2"]
[WhiteElo "2340"]
[BlackElo "2064"]
[PlyCount "31"]
[EventDate "2012.11.03"]
[EventType "team-swiss"]
[EventRounds "11"]
[EventCountry "ENG"]
[SourceTitle "EXT 2014"]
[Source "ChessBase"]
[SourceDate "2013.11.20"]
[SourceVersion "1"]
[SourceVersionDate "2013.11.20"]
[SourceQuality "1"]
[WhiteTeam "Guildford III"]
[BlackTeam "Anglian Avengers II"]
[WhiteTeamCountry "ENG"]
[BlackTeamCountry "ENG"]

1. e4 e5 2. Nf3 Nc6 3. Bc4 Nf6 4. d3 Be7 5. 0-0 0-0 6. Re1 d6 7. a4 Kh8 8. h3 Ng8 9. d4 f5 10. dxe5 fxe4 11. exd6 exf3 12. dxe7 Qxd1 13. Rxd1 Ngxe7 14. Bf1 fxg2 15. Bxg2 Nf5 16. Na3 1/2-1/2

[Event "BCF-chT3 1213 (4NCL)"]
[Site "England"]
[Date "2013.05.04"]
[Round "9.76"]
[White "Richardson, Alex"]
[Black "LeMoir, David A"]
[Result "1/2-1/2"]
[WhiteElo "2119"]
[BlackElo "2064"]
[PlyCount "22"]
[EventDate "2012.11.03"]
[EventType "team-swiss"]
[EventRounds "11"]
[EventCountry "ENG"]
[SourceTitle "EXT 2014"]
[Source "ChessBase"]
[SourceDate "2013.11.20"]
[SourceVersion "1"]
[SourceVersionDate "2013.11.20"]
[SourceQuality "1"]
[WhiteTeam "Cheddleton II"]
[BlackTeam "Anglian Avengers II"]
[WhiteTeamCountry "ENG"]
[BlackTeamCountry "ENG"]

1. Nf3 Nc6 2. d4 d5 3. g3 Bg4 4. Bg2 Qd7 5. c4 e6 6. Nc3 0-0-0 7. 0-0 dxc4 8. Qa4 Bxf3 9. exf3 Nxd4 10. Qxa7 Qc6 11. f4 Qa6 1/2-1/2

[Event "BCF-chT3 1213 (4NCL)"]
[Site "England"]
[Date "2013.03.24"]
[Round "8.65"]
[White "Makarov, Alexander"]
[Black "LeMoir, David A"]
[Result "1/2-1/2"]
[WhiteElo "2180"]
[BlackElo "2064"]
[PlyCount "28"]
[EventDate "2012.11.03"]
[EventType "team-swiss"]
[EventRounds "11"]
[EventCountry "ENG"]
[SourceTitle "EXT 2014"]
[Source "ChessBase"]
[SourceDate "2013.11.20"]
[SourceVersion "1"]
[SourceVersionDate "2013.11.20"]
[SourceQuality "1"]
[WhiteTeam "Cambridge II"]
[BlackTeam "Anglian Avengers II"]
[WhiteTeamCountry "ENG"]
[BlackTeamCountry "ENG"]

1. e4 e5 2. Nf3 Nc6 3. Bc4 Nf6 4. d3 Be7 5. c3 0-0 6. Bb3 d6 7. Nbd2 Be6 8. Bxe6 fxe6 9. Qb3 Qc8 10. 0-0 Kh8 11. Re1 Nh5 12. g3 Rf7 13. Kg2 Qd7 14. Ng1 Raf8 1/2-1/2

[Event "BCF-ch Senior"]
[Site "North Shields"]
[Date "2012.08.01"]
[Round "5.9"]
[White "LeMoir, David A"]
[Black "Westra, Roelof D"]
[Result "1/2-1/2"]
[WhiteElo "2057"]
[BlackElo "2119"]
[PlyCount "61"]
[EventDate "2012.07.28"]
[EventType "swiss"]
[EventRounds "7"]
[EventCountry "ENG"]
[SourceTitle "EXT 2023"]
[Source "ChessBase"]
[SourceDate "2022.10.05"]
[SourceVersion "1"]
[SourceVersionDate "2022.10.05"]
[SourceQuality "1"]

1. e4 c5 2. Nf3 Nc6 3. Nc3 Nf6 4. d4 cxd4 5. Nxd4 e5 6. Ndb5 d6 7. Bg5 a6 8. Bxf6 gxf6 9. Na3 b5 10. Nd5 Bg7 11. g3 Be6 12. Bg2 Ne7 13. Nxe7 Qxe7 14. c3 Rb8 15. Nc2 0-0 16. 0-0 f5 17. exf5 Bxf5 18. Ne3 Be6 19. Kh1 f5 20. Bd5 f4 21. Bxe6+ Qxe6 22. Qd5 Qf7 23. Qxf7+ Rxf7 24. Nd5 e4 25. gxf4 b4 26. cxb4 Bxb2 27. Rad1 Kf8 28. Rfe1 a5 29. Rxe4 axb4 30. Nxb4 Ba3 31. Nd5 1/2-1/2

[Event "BCF-ch Senior"]
[Site "North Shields"]
[Date "2012.07.28"]
[Round "1.14"]
[White "LeMoir, David A"]
[Black "Cresswell, Mike J"]
[Result "1-0"]
[WhiteElo "2057"]
[BlackElo "1833"]
[PlyCount "63"]
[EventDate "2012.07.28"]
[EventType "swiss"]
[EventRounds "7"]
[EventCountry "ENG"]
[SourceTitle "EXT 2023"]
[Source "ChessBase"]
[SourceDate "2022.10.05"]
[SourceVersion "1"]
[SourceVersionDate "2022.10.05"]
[SourceQuality "1"]

1. e4 Nf6 2. e5 Nd5 3. Nc3 e6 4. Nxd5 exd5 5. Qf3 c6 6. d4 d6 7. Qg3 Be6 8. Bd3 dxe5 9. dxe5 Nd7 10. f4 Nc5 11. f5 Nxd3+ 12. Qxd3 Bd7 13. Nf3 h6 14. Be3 Qa5+ 15. Bd2 Qb6 16. 0-0-0 0-0-0 17. Rhe1 c5 18. Qxd5 Bxf5 19. Qxf7 Bg6 20. Qc4 Bh5 21. g4 Be8 22. Bc3 Rxd1+ 23. Rxd1 Bb5 24. Qf7 Qc7 25. Qf5+ Kb8 26. e6 Qe7 27. Ne5 Rg8 28. Qf7 Rh8 29. Ng6 Be8 30. Be5+ Ka8 31. Nxe7 Bxf7 32. Rd8# 1-0

[Event "BCF-chT3 1112 (4NCL)"]
[Site "England"]
[Date "2012.03.31"]
[Round "7.42"]
[White "Grant, David J"]
[Black "LeMoir, David A"]
[Result "1-0"]
[WhiteElo "2109"]
[BlackElo "2044"]
[PlyCount "71"]
[EventDate "2011.11.12"]
[EventType "team-swiss"]
[EventRounds "11"]
[EventCountry "ENG"]
[SourceTitle "EXT 2013"]
[Source "ChessBase"]
[SourceDate "2012.11.22"]
[SourceVersion "1"]
[SourceVersionDate "2012.11.22"]
[SourceQuality "1"]
[WhiteTeam "Sussex Smart Survivors"]
[BlackTeam "Anglian Avengers II"]
[WhiteTeamCountry "ENG"]
[BlackTeamCountry "ENG"]

1. e4 e5 2. Nf3 Nc6 3. Bc4 Nf6 4. d3 Be7 5. 0-0 0-0 6. c3 d6 7. h3 Na5 8. Bb5 a6 9. Ba4 b5 10. Bc2 c5 11. Re1 Nc6 12. Nbd2 Qc7 13. Nf1 d5 14. Ne3 Rd8 15. Nxd5 Nxd5 16. exd5 Rxd5 17. Qe2 Bf5 18. Bg5 Bxg5 19. Nxg5 h6 20. Qf3 Qd7 21. Ne4 Rd8 22. Bb3 Bxe4 23. Qxe4 Rd6 24. Re3 g6 25. Rf3 Rf8 26. Qe3 Na5 27. Qxe5 c4 28. dxc4 Nxb3 29. axb3 Rd1+ 30. Rxd1 Qxd1+ 31. Kh2 Qxb3 32. cxb5 axb5 33. Qf4 Kg7 34. Qd2 Rc8 35. Rf4 Rc4 36. Qd5 1-0

[Event "GBR-ch 96th"]
[Site "Torquay"]
[Date "2009.08.01"]
[Round "6"]
[White "LeMoir, David A"]
[Black "Eden, Tomer"]
[Result "0-1"]
[WhiteElo "2009"]
[BlackElo "2157"]
[PlyCount "80"]
[EventDate "2009.07.27"]
[EventType "swiss"]
[EventRounds "11"]
[EventCountry "ENG"]
[SourceTitle "CBM 131 Extra"]
[Source "ChessBase"]
[SourceDate "2009.09.03"]
[SourceVersion "2"]
[SourceVersionDate "2009.09.16"]
[SourceQuality "1"]

1. e4 c6 2. c4 d5 3. cxd5 cxd5 4. exd5 Nf6 5. Nc3 Nxd5 6. d4 Nc6 7. Nf3 Bg4 8. Qb3 Bxf3 9. gxf3 e6 10. Be3 Nxe3 11. fxe3 Qh4+ 12. Ke2 0-0-0 13. Rc1 Kb8 14. Nb5 Bb4 15. a3 a6 16. axb4 axb5 17. Qd3 e5 18. d5 Qxb4 19. Rc2 g6 20. Bg2 f5 21. Ra1 Na5 22. b3 b6 23. Kf2 Rc8 24. Bf1 Rxc2+ 25. Qxc2 Rc8 26. Qb2 Qc3 27. Qxc3 Rxc3 28. b4 Nc4 29. Rb1 Rc2+ 30. Be2 e4 31. fxe4 fxe4 32. Rd1 Kc7 33. Rd4 Nd6 34. Ke1 Rb2 35. Kf1 Kd7 36. Bg4+ Ke7 37. h3 Kf6 38. Bd7 Kg5 39. Be6 Kh4 40. Kg1 Kg3 0-1

[Event "GBR-ch 96th"]
[Site "Torquay"]
[Date "2009.07.31"]
[Round "5"]
[White "Fitzsimons, David"]
[Black "LeMoir, David A"]
[Result "1/2-1/2"]
[WhiteElo "2167"]
[BlackElo "2009"]
[PlyCount "36"]
[EventDate "2009.07.27"]
[EventType "swiss"]
[EventRounds "11"]
[EventCountry "ENG"]
[SourceTitle "CBM 131 Extra"]
[Source "ChessBase"]
[SourceDate "2009.09.03"]
[SourceVersion "2"]
[SourceVersionDate "2009.09.16"]
[SourceQuality "1"]

1. e4 d6 2. d4 Nf6 3. Nc3 e5 4. Nge2 Nbd7 5. f3 Be7 6. Be3 c6 7. g4 0-0 8. Ng3 b5 9. Qd2 exd4 10. Bxd4 Ne5 11. Qf2 b4 12. Nd1 c5 13. Bxe5 dxe5 14. Ne3 Be6 15. Bc4 Qd4 16. 0-0 Nxg4 17. fxg4 Bg5 18. Ngf5 Bxf5 1/2-1/2

[Event "GBR-ch 96th"]
[Site "Torquay"]
[Date "2009.07.30"]
[Round "4"]
[White "LeMoir, David A"]
[Black "Rendle, Thomas E"]
[Result "0-1"]
[WhiteElo "2009"]
[BlackElo "2377"]
[PlyCount "124"]
[EventDate "2009.07.27"]
[EventType "swiss"]
[EventRounds "11"]
[EventCountry "ENG"]
[SourceTitle "CBM 131 Extra"]
[Source "ChessBase"]
[SourceDate "2009.09.03"]
[SourceVersion "2"]
[SourceVersionDate "2009.09.16"]
[SourceQuality "1"]

1. e4 e6 2. d3 d5 3. Nd2 Nf6 4. Ngf3 Bc5 5. h3 Nc6 6. c3 Bb6 7. Qc2 e5 8. Be2 0-0 9. g4 Be6 10. Nf1 Qe7 11. Ng3 Qc5 12. Bd1 dxe4 13. dxe4 Bc4 14. b4 Qd6 15. Be2 Bxe2 16. Qxe2 Rad8 17. g5 Ne8 18. Nf5 Qd3 19. Bb2 Qxe2+ 20. Kxe2 Nd6 21. Nxd6 cxd6 22. Nd2 f5 23. gxf6 Rxf6 24. Raf1 Rdf8 25. f3 Rg6 26. a4 a6 27. a5 Rg2+ 28. Kd3 Bf2 29. Bc1 Ne7 30. Ke2 Ba7+ 31. Kd3 Bf2 32. Ke2 Ba7+ 33. Kd3 Rg3 34. Nc4 Rgxf3+ 35. Rxf3 Rxf3+ 36. Kc2 Nc8 37. Rd1 Bb8 38. h4 Rf2+ 39. Kb3 h6 40. Nb6 Nxb6 41. axb6 Rf3 42. Kc4 Kf7 43. h5 Rg3 44. Rd3 Rg1 45. Bd2 Ke6 46. Rf3 Rg4 47. Rf8 d5+ 48. Kb3 Bd6 49. exd5+ Kxd5 50. Rc8 Ke6 51. c4 Rg3+ 52. Kc2 Kd7 53. Rg8 e4 54. Bc3 Kc6 55. Rc8+ Kd7 56. Rg8 Rg2+ 57. Kd1 g5 58. hxg6 e3 59. Be1 e2+ 60. Kc2 Bxb4 61. g7 Bxe1 62. Rb8 Bb4 0-1

[Event "GBR-ch 96th"]
[Site "Torquay"]
[Date "2009.07.27"]
[Round "1"]
[White "Griffiths, Ryan Rhys"]
[Black "LeMoir, David A"]
[Result "1/2-1/2"]
[WhiteElo "2137"]
[BlackElo "2009"]
[PlyCount "84"]
[EventDate "2009.07.27"]
[EventType "swiss"]
[EventRounds "11"]
[EventCountry "ENG"]
[SourceTitle "CBM 131 Extra"]
[Source "ChessBase"]
[SourceDate "2009.09.03"]
[SourceVersion "2"]
[SourceVersionDate "2009.09.16"]
[SourceQuality "1"]

1. e4 e5 2. Nf3 Nc6 3. d4 exd4 4. Nxd4 g6 5. Nc3 Bg7 6. Be3 Nf6 7. g3 0-0 8. Bg2 Ng4 9. Qxg4 Nxd4 10. Qd1 Nc6 11. 0-0 d6 12. Qd2 Ne5 13. Bg5 f6 14. Bh6 Bxh6 15. Qxh6 c6 16. Qd2 Bh3 17. Rad1 Bxg2 18. Kxg2 Nf7 19. h4 Qe7 20. a4 a6 21. a5 Rad8 22. Qd4 Kg7 23. Rfe1 Rd7 24. Na4 Qe5 25. Nb6 Re7 26. Qb4 Qb5 27. Qc3 Rfe8 28. Nc4 Rxe4 29. Rxe4 Rxe4 30. Nxd6 Nxd6 31. Rxd6 Qf5 32. Qd3 Re5 33. Rd7+ Kh6 34. Qd2+ g5 35. hxg5+ fxg5 36. Qd6+ Re6 37. Qd4 Rf6 38. b4 g4 39. Qe3+ Kh5 40. Qe8+ Kh6 41. Qe3+ Kg6 42. Rd3 Re6 1/2-1/2